Responses for Show #8722 - Tuesday, October 18, 2022

2022 Second Chance competition week 1, semifinal game 2.

Contestants

[<< previous game]

Molly Karol, a CPA from Austin, Texas

Tracy Pitzel, an accountant from Ellensburg, Washington

Erica Weiner-Amachi, an elementary teacher from Philadelphia, Pennsylvania

[next game >>]

Jeopardy! Round responses

5-LETTER PLACES
CELEBRITIES
AMERICANA
____ & ____
ASTRONOMY
"LEFT", "RIGHT" OR "CENTER"
(Ken: Each correct response will contain one of those political positions.)
    $200 22
Libya

Erica
    $200 23
Megan Thee Stallion

Molly
    $200 24
Ellis Island

Erica
    $200 26
black & white

Tracy
    $200 30
dwarf

Tracy
    $200 28
(Erica: What is the Center for Disease Control?)
...
(Ken: Plural "Centers", yes.)

the Centers for Disease Control

EricaTracy
    $400 21
(Tracy: What is Athens?)

Macon

EricaTracy
    $400 13
(Molly: Who is Judd?)
(Ken: More specifically?)
(Molly: Wynonna Judd?)
...
(Ken: Wynonna's mom, that's right.)

Naomi Judd

TracyMolly
    $400 14
a bison

Tracy
    $400 25
breaking & entering

Erica
    $400 29
an equinox

Molly
    $400 27
right of way

Tracy
    $600 18
the Black Sea

Tracy
    $600 11
(Ken: Marky Mark is right.)

Mark Wahlberg

Molly
    $600 9
Grant Wood

Molly
    $600 5
cruel & unusual

Molly
    $600 2
parsecs

Triple Stumper
    $600 17
left field

Tracy
    $800 16
(Tracy: What is the Ganges?)

the Indus

TracyMolly
    $800 12
Harry Hamlin

Tracy
    $800 8
(Erica: [Exhales] What is... "Rosie"... "The Riveter"?)
[Laughter]

"Rosie The Riveter"

Erica
    $800 6
bait & switch

Tracy
    $800 3
a (galactic) halo

Molly
    $800 20
the center of gravity

Triple Stumper
    $1000 15
Lanai

Tracy
    $1000 1
(Jennifer) Hudson

Molly
    $1000 7
"The Battle Hymn Of The Republic"

Erica
    $1000 10
a bow & arrow

Triple Stumper
    $1000 4
geosynchronous satellites

Triple Stumper
    $1000 19
(Tracy: [*]. What is [*]?)

the Left Bank

Tracy

Scores at the first commercial break (after clue 15):

Erica Tracy Molly
$1,800 $3,400 $3,200

Scores at the end of the Jeopardy! Round:

Erica Tracy Molly
$2,800 $5,400 $4,600

Double Jeopardy! Round responses

NATIONAL GEOGRAPHIC TREASURES OF EGYPT
(Ken: From the new book of that title, drawing on the "National Geographic" photo archive.)
BROADWAY
PRESIDENTIAL SPEECHES
(Ken: You'll name the president.)
FRENCH LITERATURE
MEASURING UP
PHRASES OF HELLO & GOODBYE
    $400 24
(Erica: What is bronze?)

silver

EricaTracy
    $400 23
(Ken: King of the Britons, yes.)

Arthur

Erica
    $400 12
FDR

Tracy
    $400 28
the Absurd

Erica
    $400 29
a gill

Tracy
    $400 17
Go with God

Molly
    $800 30
King Tut

Molly
    $800 22
The King and I

Tracy
    $800 11
(Ken: That's from the Gettysburg Address; it's [*].)

Abe Lincoln

Triple Stumper
    $800 21
chanson

Triple Stumper
    $800 16
(Tracy: What is a keg?)
...
(Ken: I know what Tracy's thinking about.)
[Laughter]

a barrel

EricaTracy
    $800 2
the flip side

Tracy
    $1200 26
papyrus

Molly
    $1200 6
(Tracy: What is, uh, "Life Is A Cabaret"?)
...
(Ken: [*], the first song in Cabaret, yes.)

"Willkommen"

TracyMolly
    $1200 8
(Ken: Yes, from his inaugural.)

Kennedy

Molly
    $3,000 18
Cyrano de Bergerac

Molly
    $1200 15
(Ken: That would be 12 [*], like 12-[*] type.)

points

Triple Stumper
    $1200 1
peace out

Triple Stumper
    $1600 25
(Tracy: What is a sphinx?)

a griffin

TracyMolly
    $1600 5
(Molly: Who is Molly Shannon?)

Rachel Dratch

EricaMolly
    $3,000 9
(Ken: Molly?)
...
(Ken: [*] in the nick of time, is correct, yes; it was a math problem, that's 1837.)

(Andrew) Jackson

Molly
    $1600 19
Hugo

Triple Stumper
    $1600 14
a bolt

Erica
    $1600 3
abode

Erica
    $2000 27
Khufu (Cheops)

Triple Stumper
    $2000 7
(Molly: What's Merrily We Roll Along?)
...
(Ken: Different Sondheim show, this one is [*].)

Company

Molly
Triple Stumper
    $2000 10
(Ken: From his farewell address, yes.)

Washington

Erica
    $2000 20
The Stranger

Erica
    $2000 13
(Molly: What's a hand?)

a span

Molly
Triple Stumper
    $2000 4
salutations

Tracy

Scores at the end of the Double Jeopardy! Round:

Erica Tracy Molly
$12,800 $6,600 $11,400

[wagering suggestions for these scores]

Final Jeopardy! Round responses

LANDMARKS OF SCIENCE
(Ken: [To Tracy] With Gregor Mendel in mind, I assume?)
...
(Ken: All three of you were stumped--no pun intended; this was [*] taken from the garden of none other than Isaac Newton.)
TracyWhat is a pea plant?
$6,600
MollyWhat are ros roses?
$1,801
EricaWhat is an oak tree?
$11,000
an apple tree

Final scores:

Erica Tracy Molly
$1,800 $0 $9,599
2nd place: $2,000 3rd place: $1,000 Finalist

Game dynamics:

Coryat scores:

Erica Tracy Molly
$12,800 $6,600 $8,200
14 R
(including 1 DD),
2 W
18 R,
5 W
16 R
(including 2 DDs),
4 W

Combined Coryat: $27,600

[game clues] [game scores] [suggest correction]

Game tape date: 2022-09-14
The J! Archive is created by fans, for fans. Scraping, republication, monetization, and malicious use prohibited; this site may use cookies and collect identifying information. See terms. The Jeopardy! game show and all elements thereof, including but not limited to copyright and trademark thereto, are the property of Jeopardy Productions, Inc. and are protected under law. This website is not affiliated with, sponsored by, or operated by Jeopardy Productions, Inc. Join the discussion at JBoard.tv.